000 00248nam a2200097Ia 4500
082 _a658.4093
245 0 _aTime management
100 _a BIRD, Polly London, 2003 New ed
_994566
942 _cBK
008 210817s9999 xx 000 0 und d
999 _c387408
_d387407